| 000 | 00445 a2200169 4500 | ||
|---|---|---|---|
| 001 | 067731 | ||
| 003 | OSt | ||
| 005 | 20211231153812.0 | ||
| 008 | |||
| 082 |
_a006.3 _bF27F |
||
| 100 | 1 | _aFausett, Laurence V. | |
| 245 | 1 |
_aFundamentals of neural networks _cby Laurence V. Fausett |
|
| 260 |
_aNew Delhi _bPearson _c2008 |
||
| 300 | _a467p. | ||
| 653 | _aNeural networks (Computer science) | ||
| 942 |
_2ddc _cBK |
||
| 999 |
_c1602 _d1602 |
||